00553 2200169 4500245004400000020002200044250001100066100001800077650002000095005001900115260004200134041001400176084000800190300002300198500015300221336000900374 aCintaku di LembatacSari NarulitahText a978-602-03-1040-4 aCet. 1 aSari Narulita aNovel Indonesia a20231005133234 aJakartabGramedia Pustaka Utamac2016 aIndonesia a813 a192 hlm. :c20 cm. adalam novel cintaku di lembata, kita membaca pertemuan kayla dengan lelaki kelahiran kupang yang beribu perempuan cantik asal rote dan berayah sabu. atext